00445 a2200145 4500010001400000020002300014035001300037037001500050082001000065100002300075245006100098260005900159270005600218300002500274 aENG-88011 a8180040054c255.00 aEN-71544 bDBAD / PUB14a617.71 aRao, Vasudev Anand1 aText book of diseases of the eye /cby Vasudev Anand Rao aNew DelhibAll India Publishers and Distributorsc2004 a4380/4B, Ansari Road, DaryaganjbNew Delhie110 002 a362 p.c22 cm. (Pbk)